| 000 | 00662nam a2200265Ia 4500 | ||
|---|---|---|---|
| 003 | OSt | ||
| 005 | 20221007073124.0 | ||
| 006 | a|||||r|||| 00| 0 | ||
| 007 | ta | ||
| 008 | 221006b |||||||| |||| 00| 0 eng d | ||
| 024 | _a15,459 | ||
| 037 | _cTextual | ||
| 040 |
_aFLL _cFLL _beng |
||
| 041 |
_2eng _aeng |
||
| 082 | _aX45.2.N5, K6.2 | ||
| 100 |
_aShawcross _9691947 |
||
| 245 | 0 | _aAir law | |
| 250 | _a3rd | ||
| 260 |
_aLonodn _bButterworths London _c1966 |
||
| 300 |
_a646p _ccm. |
||
| 490 | _vVol. 2 | ||
| 700 |
_a Beaumont _973831 |
||
| 942 |
_hX45.2.N5, K6.2 _cTEXL _2CC |
||
| 999 |
_c1147739 _d1147739 |
||